000 00839nam a2200289Ia 4500
001 G5312
003 IT-RoPAU
008 130308s9999 xx 000 0 und d
040 _aIT-RoPAU
040 _cIT-RoPAU
041 _aITALIANO
100 _aCicalese Anna
100 _gCodice Aut. SPICS: 55048
245 _aLettura di un testo creativo e i meccanismi di attesa (La)
245 _bMemoria e I segni (La)
250 _a1a ed.
260 _aROMA
260 _bCarocci
260 _c2000 [1° Ed.:2000 - Ed.Ling.Originale:2000]
300 _a"16 p. (prefazione: no ; testo: 16 [pagine: 95-110])"
500 _aConoscenze e Interpretazioni. Memoria e Frames. Effetto Sorpresa in Pubblicita'.
650 _aSAGGI DI LINGUISTICA
650 _eCodice materia Spics: 3207
942 _cBK
957 _71
999 _c78007
_d78007
999 _g1